| 000 | 01059nam a2200217 a 4500 | ||
|---|---|---|---|
| 001 | 000027983 | ||
| 005 | 20200930031243.0 | ||
| 008 | 110406s1992 dr 000 0 spa d | ||
| 040 |
_aDO-SdBNP _bspa _cBNPHU |
||
| 082 |
_axxxx _bR252r |
||
| 100 | 1 |
_aRavelo Astacio, Julio _925963 |
|
| 245 | 1 | 3 |
_aEl rol de la UASD en la sociedad dominicana / _cJulio Ravelo Astacio. |
| 260 |
_aSanto Domingo : _bEditora Universitaria-UASD, _c1992. |
||
| 300 |
_a15 p. ; _c21 cm. |
||
| 490 | 1 |
_aPublicaciones de la Univerdidad Autónoma de Santo Domingo _v696 |
|
| 490 | 1 |
_aActos académicos _vno. 16 |
|
| 500 | _aConferencia pronunciada por el Dr. Julio Ravelo Astacio rector magnífico de la Universidad Autónoma de Santo Domingo-UASD a los alumnos caballeros oficiales superiores de la 9na. promoción del curso "Comando y estado mayor" en Instituto Militar de Educación Superior "General de Brigada Juan Pablo Duarte". | ||
| 830 | 0 |
_aActos académicos _vno 16 _955042 |
|
| 830 | 0 |
_aPublicaciones de la Univerdidad Autónoma de Santo Domingo _v696 _955043 |
|
| 049 | _aBNPD | ||
| 999 |
_c27475 _d27475 |
||